Inteligencia artificial. Una exploración filosófica sobre el futuro de la mente y la conciencia.

Saved in:
Bibliografiske detaljer
Hovedforfatter: Schneider, Susan (autora)
Format: Bog
Sprog:engelsk
Udgivet: Baladona, España: Kōan, 2021.
Udgivelse:1ª edición.
Fag:
Tags: Tilføj Tag
Ingen Tags, Vær først til at tagge denne postø!

MARC

LEADER 00000nam a22000007a 4500
003 CL-VaPUC
005 20250407202438.0
008 250307t2021 ||||| |||| 00| 0 eng d
999 |c 447167  |d 447165 
020 |a 978-84-18223-28-0 
040 |c Pontificia Universidad Católica de Valparaíso 
082 7 |2 22  |a 006.301 SCH 2021 
100 1 |a Schneider, Susan  |e autora  |9 896407 
245 |a Inteligencia artificial.  |b Una exploración filosófica sobre el futuro de la mente y la conciencia.  
250 |a 1ª edición.  
260 |a Baladona, España:  |b Kōan,   |c 2021. 
300 |a 234 páginas.  
500 |a c.1.-c.2. Instituto Arcos 8-1-2025.  
583 |c 20250307  |k Cristina María Rojas Aguilar 
650 0 |a Inteligencia artificial   |9 300376 
650 0 |a Interacción hombre-ordenador  |9 896408 
650 0 |a Transhumanismo  |9 896409 
650 0 |a Innovaciones tecnológicas  |x Gestión   |9 896410 
942 |2 ddc  |c BK  |n 0 
952 |0 0  |1 0  |2 ddc  |4 0  |6 006_301000000000000_SCH_2021  |7 0  |8 A  |9 600769  |a BIBINC  |b BIBINC  |d 2025-03-07  |e Instituto Arcos  |i 5665678  |o 006.301 SCH 2021  |p 5665678  |r 2025-03-07  |t 1  |w 2025-03-07  |y BK  |k IFP 
952 |0 0  |1 0  |2 ddc  |4 0  |6 006_301000000000000_SCH_2021  |7 0  |8 A  |9 600770  |a BIBINC  |b BIBINC  |d 2025-03-07  |e Instituto Arcos  |i 5665679  |o 006.301 SCH 2021  |p 5665679  |r 2025-03-07  |t 2  |w 2025-03-07  |y BK  |k IFP